01327cam a2200385 450000100060000000300090000600500170001500700060003200800380003801500060007601700090008202000180009103500060010904000250011508000060014008200220014609200200016810000230018824501350021125000060034626000390035230000200039150400320041165000220044365000290046565000370049465000250053191000370055694200120059394500270060595201240063295201300075695600380088699900170092401154DO-SdBNP20171108124356.001154100303s2007 mx | |||| 000 0 spa  a  a b  a9789705801723 a  aBPMSUbspacBPMSUe  a  4a 133.9013 bA485e a133.9013bA485e1 aAmara, Giusepped 10aExperiencias cercanas a la muerte :h bhistoria, análisis y verificaciones del contacto con el más allá /c Giuseppe Amara  a  aMéxico, D.F. : bAguilar, c2007 a837 p. ;c25 cm a Bibliografía: p. 813-837 4aVIDA FUTURAz 2  7aBIEN Y MAL xHISTORIA  4aMUERTExASPECTOS PSICOLÓGICOS  4aMUERTEvMEDITACIONES aValidado. Control de calidad MFF 2ddccBK aInventariado, 2017/MFF 00102ddc40708CGaBPMETbBPMETd2016-08-05eALFAGUARAl0o133.9013 A485epBPMSU16080042r2016-08-05w2016-08-05yBK 00102ddc40708CGaBPMETbBPMETd2016-08-05eALFAGUARAl0o133.9013 A485epBPMSU16080043r2016-08-05te. 2w2016-08-05yBK aVMATEOb10c20160805dBPMSUf0069 c11095d11095